USL Championship 2024 Season - Statistics

General Stats
  • This quiz has been taken 59 times
    18 since last reset
  • The average score is 19 of 24
Answer Stats
Hint Answer % Correct
Nevada: Las Vegas Lights FC
100%
Michigan: Detroit City FC
94%
Oklahoma: FC Tulsa
94%
Arizona: Phoenix Rising FC
94%
Alabama: Birmingham Legion FC
88%
Colorado: Colorado Springs Switchbacks FC
88%
Florida: Miami FC
88%
New Mexico: New Mexico United
88%
Rhode Island: Rhode Island FC
88%
Texas: San Antonio FC
88%
Connecticut: Hartford Athletic
82%
California: Orange County SC
82%
Pennsylvania: Pittsburgh Riverhounds SC
82%
Texas: El Paso Locomotive FC
76%
Indiana: Indy Eleven
76%
Kentucky: Louisville City FC
76%
South Carolina: Charleston Battery
71%
North Carolina: North Carolina FC
71%
California: Oakland Roots SC
71%
California: Sacramento Republic FC
71%
Florida: Tampa Bay Rowdies
71%
California: Monterey Bay FC
65%
Virginia: Loudoun United FC
47%
Tennessee: Memphis 901 FC
41%
No matching quizzes found
Score Distribution
Percent of People with Each Score
Percentile by Number Answered
Your Score History
You have not taken this quiz since the last reset